Album Release Years Quiz - Statistics

General Stats
  • This quiz has been taken 15 times
  • The average score is 13 of 16
Answer Stats
Year Answer % Correct
Sgt. Pepper's Lonely Hearts Club Band 1967
93%
The Dark Side of the Moon 1972
93%
Thriller 1982
93%
Nevermind 1991
93%
OK Computer 1997
93%
Led Zeppelin II 1969
86%
London Calling 1979
86%
1999 1982
86%
Appetite for Destruction 1987
86%
Physical Graffiti 1975
79%
Blood on the Tracks 1975
79%
Remain in Light 1980
79%
Is This It 2001
79%
Madvillainy 2004
79%
The Queen is Dead 1986
71%
To Pimp a Butterfly 2015
71%
No matching quizzes found
Score Distribution
Percent of People with Each Score
Percentile by Number Answered
Your Score History
You have not taken this quiz